[Event "8th Mayors Cup Open 2015"]
[Site "Mumbai IND"]
[Date "2015.06.07"]
[Round "8.19"]
[White "Hossain, Enamul"]
[Black "Ram, S. Krishnan"]
[Result "1-0"]
[WhiteTitle "GM"]
[WhiteElo "2423"]
[BlackElo "2253"]
[WhiteFideId "10200649"]
[BlackFideId "5010519"]
[EventDate "2015.06.02"]

1. e4 e6 2. d3 d5 3. Qe2 dxe4 4. dxe4 e5 5. Nf3 Nd7 6. g3 Bc5 7. Bg2 Ngf6 8. O-O
c6 9. Nbd2 O-O 10. a4 a5 11. Nb3 Bb6 12. Be3 Re8 13. Nfd2 Bc7 14. Rfd1 b6 15. f3
Ba6 16. Qf2 Qb8 17. Bf1 Bxf1 18. Nxf1 b5 19. Kg2 Nb6 20. axb5 a4 21. Nc5 cxb5
22. b3 Rd8 23. Rdb1 a3 24. Nd3 Nc8 25. Bc5 Bd6 26. Rd1 Ne7 27. Nb4 Rd7 28. Bxd6
Rxd6 29. Qc5 Rxd1 30. Rxd1 Ng6 31. Ne3 Qb7 32. Ned5 Rc8 33. Qb6 Qa8 34. Nc7 Qb8
35. Qxb8 Rxb8 36. Ra1 Rb7 37. Nca6 Ra7 38. Rxa3 Nd7 39. Nc6 Ra8 40. Ra5 Kf8 41.
Nc7 Rc8 42. Nd5 f5 43. exf5 Rxc6 44. fxg6 Rxc2+ 45. Kh3 hxg6 46. Rxb5 Nf6 47.
Rb8+ Kf7 48. Rb7+ Ke6 49. Nc7+ Kf5 50. Nb5 Rf2 51. Re7 g5 52. Nd6+ Kg6 53. Nc4
g4+ 54. fxg4 e4 55. Nd6 Nh7 56. Re6+ Rf6 57. Rxf6+ Nxf6 58. Kg2 e3 59. h3 Nd5
60. Kf3 1-0

[Event "8th Mayors Cup Open 2015"]
[Site "Mumbai IND"]
[Date "2015.06.07"]
[Round "8.20"]
[White "Ravi, Teja S."]
[Black "Rohan, Ahuja"]
[Result "1/2-1/2"]
[WhiteTitle "IM"]
[WhiteElo "2403"]
[BlackElo "2218"]
[WhiteFideId "5017220"]
[BlackFideId "5090598"]
[EventDate "2015.06.02"]

1. d4 Nf6 2. c4 g6 3. Nc3 d5 4. cxd5 Nxd5 5. e4 Nxc3 6. bxc3 Bg7 7. Qa4+ Nd7 8.
Nf3 O-O 9. Bg5 c5 10. Rc1 a6 11. Qa3 h6 12. Bd2 e6 13. Bd3 b6 14. O-O Bb7 15.
Rb1 Qc7 16. Qc1 cxd4 17. cxd4 Qxc1 18. Rfxc1 Rac8 19. e5 Rfd8 20. Rxc8 Rxc8 21.
Kf1 b5 22. a4 Bxf3 23. gxf3 bxa4 24. Bxa6 Ra8 25. Bc4 a3 26. Ke2 a2 27. Ra1 Ra4
28. Bb5 Rxd4 29. f4 Nb6 30. Rxa2 Nd5 31. Kf3 h5 32. Ra8+ Kh7 33. Be3 Rb4 34. Bc6
Nxe3 35. fxe3 Rc4 36. Ra6 Bf8 37. Be8 Rc7 38. Bc6 Bc5 1/2-1/2

[Event "8th Mayors Cup Open 2015"]
[Site "Mumbai IND"]
[Date "2015.06.07"]
[Round "8.21"]
[White "Ajay Krishna, S"]
[Black "Swayams, Mishra"]
[Result "1/2-1/2"]
[BlackTitle "IM"]
[WhiteElo "2220"]
[BlackElo "2439"]
[WhiteFideId "5096430"]
[BlackFideId "5028183"]
[EventDate "2015.06.02"]

1. d4 Nf6 2. Nf3 b6 3. g3 Bb7 4. Bg2 c5 5. O-O g6 6. a4 cxd4 7. a5 Bxf3 8. Bxf3
Nc6 9. c3 dxc3 10. Nxc3 Bg7 11. Qa4 Rc8 12. axb6 axb6 13. Be3 Ne5 14. Bb7 Rb8
15. Qa6 Nc4 16. Bf4 e5 17. Qxc4 exf4 18. Bd5 O-O 19. Qxf4 Qe7 20. Bf3 b5 21. Qd2
b4 22. Nd5 Nxd5 23. Bxd5 Qe5 24. b3 Qc3 25. Rad1 Qxd2 26. Rxd2 Rfc8 27. Rfd1 Rc7
28. Bc4 Rbb7 29. Rd3 Kf8 30. Rf3 Rxc4 31. bxc4 b3 32. Rdd3 b2 33. Rb3 b1=Q+ 1/2-1/2

[Event "8th Mayors Cup Open 2015"]
[Site "Mumbai IND"]
[Date "2015.06.08"]
[Round "9.1"]
[White "Priyadharshan, K."]
[Black "Laxman, R.R."]
[Result "1/2-1/2"]
[WhiteTitle "IM"]
[BlackTitle "GM"]
[WhiteElo "2462"]
[BlackElo "2417"]
[WhiteFideId "5018293"]
[BlackFideId "5005361"]
[EventDate "2015.06.02"]

1. e4 e5 2. Nf3 Nc6 3. Bc4 Bc5 4. c3 Nf6 5. b4 Bb6 6. d3 d6 7. a4 a6 8. Bg5 h6
9. Bh4 Qe7 10. Nbd2 Nd8 11. Bg3 Ne6 12. Bb3 Nf4 13. Bxf4 exf4 14. O-O O-O 15.
Re1 Bg4 16. Nc4 Nh7 17. d4 Ng5 18. Ncd2 c6 19. Qc2 Rae8 20. Nxg5 hxg5 21. Qd3 g6
22. Nc4 Bc7 23. d5 Qf6 24. f3 Bc8 25. dxc6 bxc6 26. a5 d5 27. Nd2 Be5 28. Rac1
g4 29. fxg4 Bxg4 30. exd5 Bxc3 31. Rxe8 Bd4+ 32. Kh1 Rxe8 33. dxc6 Re3 34. Qf1
Bb2 35. Rb1 Be5 36. Bd5 Bf5 37. Rc1 Qd8 38. Qc4 Rd3 39. Bxf7+ Kg7 40. c7 Bxc7
41. Qxc7 Qxc7 42. Rxc7 Rxd2 43. Kg1 Kf6 44. Bc4 Be4 45. Bf1 Rb2 46. Rc4 Ke5 47.
Rc1 Rxb4 48. Bxa6 Ra4 49. Re1 Kd4 50. Rd1+ 1/2-1/2

[Event "8th Mayors Cup Open 2015"]
[Site "Mumbai IND"]
[Date "2015.06.08"]
[Round "9.2"]
[White "Kravtsiv, Martyn"]
[Black "Mchedlishvili, Mikheil"]
[Result "1/2-1/2"]
[WhiteTitle "GM"]
[BlackTitle "GM"]
[WhiteElo "2589"]
[BlackElo "2597"]
[WhiteFideId "14113147"]
[BlackFideId "13600966"]
[EventDate "2015.06.02"]

1. e4 c5 2. Nf3 e6 3. d4 cxd4 4. Nxd4 Nc6 5. Nc3 a6 6. Be2 d6 7. O-O Nf6 8. Be3
Be7 9. f4 O-O 10. Kh1 Qc7 11. Qe1 Nxd4 12. Bxd4 b5 13. Qg3 Bb7 14. a3 Bc6 15.
Rae1 Qb7 16. Bd3 b4 17. Nd1 bxa3 18. bxa3 Rad8 19. Nf2 Qc7 20. Bxf6 Bxf6 21. e5
Be7 22. Ng4 dxe5 23. fxe5 f5 24. exf6 Qxg3 25. hxg3 Bxa3 26. f7+ Kh8 27. Ne5 Bb7
28. Be4 Bxe4 29. Rxe4 g6 30. Nc4 Bd6 31. Nxd6 Rxd6 32. Rf6 1/2-1/2

[Event "8th Mayors Cup Open 2015"]
[Site "Mumbai IND"]
[Date "2015.06.08"]
[Round "9.3"]
[White "Swapnil, S. Dhopade"]
[Black "Kokarev, Dmitry"]
[Result "1/2-1/2"]
[WhiteTitle "IM"]
[BlackTitle "GM"]
[WhiteElo "2453"]
[BlackElo "2639"]
[WhiteFideId "5019184"]
[BlackFideId "4132181"]
[EventDate "2015.06.02"]

1. d4 Nf6 2. c4 g6 3. Nc3 Bg7 4. e4 d6 5. f4 c5 6. dxc5 Qa5 7. Bd3 Nfd7 8. Ne2
Nxc5 9. O-O Bg4 10. Nd5 e6 11. Ne3 Bxe2 12. Bxe2 Nxe4 13. Bf3 Nc5 14. Qxd6 Qb6
15. Rd1 Qxd6 16. Rxd6 Ke7 17. Rd1 Nc6 18. Bd2 Nd4 19. Bb4 Nxf3+ 20. Kf2 b6 21.
Kxf3 Rhd8 22. Ba3 f5 23. Rxd8 Rxd8 24. Rd1 Rxd1 25. Nxd1 e5 26. fxe5 Bxe5 27. h3
Ke6 28. Nf2 Bd4 29. Bxc5 Bxc5 30. Nd3 Bd6 31. b3 a5 32. h4 Kf6 33. g3 Ke6 34.
Kf2 Ke7 35. Kf3 Kd7 36. Kf2 Kc6 37. Kf3 Kd7 38. Kf2 Ke7 39. Kf3 Kf6 40. Kf2 h6
41. Kf3 g5 42. hxg5+ hxg5 43. g4 Bc5 44. Kg3 Be7 45. Kf3 Bd6 46. Nf2 Ke5 47.
gxf5 Kxf5 48. Ng4 Be7 49. Ne3+ Ke5 50. Nd5 Bd8 51. Ne3 Kd4 52. Ke2 Ke4 53. a3
Be7 54. Nd5 Bc5 55. b4 Bd4 56. Ne7 g4 57. Kf1 Kd3 58. bxa5 bxa5 59. a4 Ke4 60.
Kg2 Be5 61. Nc6 Bc7 62. Kf2 Kf4 63. Kg2 Bb6 64. Ne7 Bd8 65. Nc6 Bc7 66. Ne7 Ke5
67. Nc6+ Kd6 68. Nxa5 Bxa5 69. Kg3 Kc5 70. Kxg4 Kxc4 71. Kf3 Kb4 72. Ke4 Kxa4 1/2-1/2

[Event "8th Mayors Cup Open 2015"]
[Site "Mumbai IND"]
[Date "2015.06.08"]
[Round "9.4"]
[White "Harsha, Bharathakoti"]
[Black "Zubov, Alexander"]
[Result "0-1"]
[BlackTitle "GM"]
[WhiteElo "2332"]
[BlackElo "2612"]
[WhiteFideId "5078776"]
[BlackFideId "14109409"]
[EventDate "2015.06.02"]

1. c4 Nf6 2. g3 g6 3. Bg2 Bg7 4. Nc3 O-O 5. e4 c5 6. Nge2 Nc6 7. d3 d6 8. O-O
Ne8 9. Be3 Nd4 10. Rb1 a5 11. a3 a4 12. Bxd4 cxd4 13. Nxa4 Bd7 14. b3 Nc7 15.
Nb6 Rxa3 16. Qc1 Ra6 17. Nd5 Ra2 18. Nb4 Ra5 19. Nc2 e5 20. f4 Bh6 21. Qe1 Na6
22. Nb4 Nxb4 23. Qxb4 Bc6 24. Ra1 b6 25. Qd2 Qc7 26. b4 Rxa1 27. Rxa1 b5 28. Qc2
Rc8 29. fxe5 dxe5 30. c5 Qb7 31. h4 Ra8 32. Rxa8+ Qxa8 33. Qb2 Qa4 34. Kh2 Qd1
35. Nxd4 exd4 36. Qxd4 Qg4 37. Qd8+ Bf8 38. Qb6 Bd7 39. d4 Qe2 40. Qc7 Bg4 41.
Qf4 h5 42. d5 Bg7 43. d6 Be5 44. Qf1 Qe3 0-1

[Event "8th Mayors Cup Open 2015"]
[Site "Mumbai IND"]
[Date "2015.06.08"]
[Round "9.5"]
[White "Nguyen, Duc Hoa"]
[Black "Smirnov, Pavel"]
[Result "1-0"]
[WhiteTitle "GM"]
[BlackTitle "GM"]
[WhiteElo "2487"]
[BlackElo "2588"]
[WhiteFideId "12401358"]
[BlackFideId "4123425"]
[EventDate "2015.06.02"]

1. d4 d5 2. c4 c6 3. Nf3 Nf6 4. Nc3 e6 5. e3 Nbd7 6. Qc2 Bd6 7. Bd3 O-O 8. O-O
dxc4 9. Bxc4 e5 10. Rd1 Qe7 11. e4 exd4 12. Nxd4 Nb6 13. Bf1 Rd8 14. h3 Bd7 15.
Nf3 Bb4 16. e5 Nfd5 17. a3 Nxc3 18. bxc3 Bc5 19. Bg5 f6 20. Bh4 Qf7 21. exf6
gxf6 22. Rd3 Nd5 23. Rd2 Qg7 24. Rad1 Re8 25. c4 Nb6 26. Qc3 Re6 27. Bd3 Rf8 28.
Qa5 Qe7 29. Qxa7 Bc8 30. Qa5 Bd7 31. Qa7 Bc8 32. Qb8 Kh8 33. Bf5 Nxc4 34. Bxe6
Nxd2 35. Bxc8 Nxf3+ 36. gxf3 Qe2 37. Rd8 Bxf2+ 38. Bxf2 Rg8+ 1-0

[Event "8th Mayors Cup Open 2015"]
[Site "Mumbai IND"]
[Date "2015.06.08"]
[Round "9.6"]
[White "Paichadze, Luka"]
[Black "Nitin, S."]
[Result "1-0"]
[WhiteTitle "GM"]
[BlackTitle "IM"]
[WhiteElo "2558"]
[BlackElo "2357"]
[WhiteFideId "13602934"]
[BlackFideId "5018277"]
[EventDate "2015.06.02"]

1. e4 c5 2. Nf3 d6 3. d4 cxd4 4. Qxd4 a6 5. c4 Nf6 6. h3 e6 7. Be2 Be7 8. O-O
Qc7 9. Nc3 O-O 10. Be3 Nbd7 11. b4 b6 12. a3 Bb7 13. Nd2 Rac8 14. Rac1 Qb8 15.
f4 Rfd8 16. Bf2 Bf8 17. Bh4 Bc6 18. Bd3 b5 19. cxb5 axb5 20. Nb3 Nc5 21. Na5
Nxd3 22. Qxd3 Be8 23. Bxf6 gxf6 24. f5 Bg7 25. Kh1 d5 26. exd5 exd5 27. Rcd1 d4
28. Ne2 Qe5 29. Nxd4 Rd5 30. Rfe1 Qc7 31. Qf3 Re5 32. Rxe5 Qxe5 33. Nab3 Rd8 34.
Qf2 Qd5 35. Re1 Bd7 36. Nc5 Bc8 37. Nxb5 Qxf5 38. Qxf5 Bxf5 39. a4 Bh6 40. a5
Bd2 41. Rd1 Bc2 42. Rxd2 Rxd2 43. a6 Bf5 44. Nc7 Bd7 1-0

[Event "8th Mayors Cup Open 2015"]
[Site "Mumbai IND"]
[Date "2015.06.08"]
[Round "9.7"]
[White "Sanjay, N."]
[Black "Gagunashvili, Merab"]
[Result "1/2-1/2"]
[BlackTitle "GM"]
[WhiteElo "2310"]
[BlackElo "2600"]
[WhiteFideId "5003075"]
[BlackFideId "13601652"]
[EventDate "2015.06.02"]

1. c4 Nf6 2. Nc3 c5 3. Nf3 Nc6 4. g3 d5 5. d4 dxc4 6. d5 Nb4 7. e4 Bg4 8. Bxc4
Bxf3 9. Qxf3 Nc2+ 10. Kf1 Nd7 11. Rb1 Nd4 12. Qd1 Nb6 13. Qd3 Qd7 14. Bb5 Nxb5
15. Qxb5 g6 16. Be3 Rc8 17. Ke2 Bg7 18. Rhc1 O-O 19. Qxd7 Nxd7 20. f4 Rfd8 21.
a4 b6 22. Nb5 a6 23. Na7 Rc7 24. Nc6 Re8 25. Nxe7+ Kf8 26. d6 Rb7 27. e5 a5 28.
Kf3 Nb8 29. Rd1 Rd8 30. Nd5 Nc6 31. Ke4 Bh8 32. Nc7 Rd7 33. Nd5 f6 34. exf6 Kf7
35. Nc3 Bxf6 36. Nb5 Rb8 37. Kf3 Rbd8 38. Rd2 Bg7 39. Bf2 Bf8 40. Rbd1 Re8 41.
Nc7 Red8 42. Nb5 Re8 43. g4 Bg7 44. b3 Bh6 45. Bg3 Bg7 46. Bf2 Bh6 47. Rd5 Bg7
48. R5d3 Bf8 49. Rd5 Bg7 50. h3 Nb4 51. R5d2 Nc6 52. Rd5 Nb4 53. R5d2 Nc6 54.
Re2 Red8 55. Bh4 Rc8 56. Rde1 Bf8 57. Re6 Nd4+ 58. Nxd4 cxd4 59. Rf6+ Kg7 60.
Ree6 Rc3+ 61. Ke2 Rxh3 62. Be1 Rxb3 63. Bd2 Rg3 64. f5 Rxg4 65. Kf3 Rg1 66. Kf2
Rg4 67. Kf3 Rg1 68. Kf2 Rg4 1/2-1/2

[Event "8th Mayors Cup Open 2015"]
[Site "Mumbai IND"]
[Date "2015.06.08"]
[Round "9.8"]
[White "Azaladze, Shota"]
[Black "Hossain, Enamul"]
[Result "1-0"]
[WhiteTitle "IM"]
[BlackTitle "GM"]
[WhiteElo "2499"]
[BlackElo "2423"]
[WhiteFideId "13603027"]
[BlackFideId "10200649"]
[EventDate "2015.06.02"]

1. Nf3 Nf6 2. g3 g6 3. b3 Bg7 4. Bb2 O-O 5. Bg2 d6 6. d4 Nbd7 7. c4 c6 8. O-O
Qa5 9. Nc3 e5 10. e4 a6 11. a3 Qc7 12. Rc1 Re8 13. Re1 Qb8 14. Qc2 b5 15. c5 Bb7
16. cxd6 exd4 17. Nxd4 Qxd6 18. Rcd1 Qc5 19. b4 Qb6 20. Nf3 Rad8 21. e5 Ng4 22.
e6 Rxe6 23. Rxe6 fxe6 24. Ne4 Bxb2 25. Qxb2 c5 26. Rd6 Qc7 27. Nfg5 Bxe4 28.
Nxe6 1-0

[Event "8th Mayors Cup Open 2015"]
[Site "Mumbai IND"]
[Date "2015.06.08"]
[Round "9.9"]
[White "Abdulla, Al-Rakib"]
[Black "Kulkarni, Rakesh"]
[Result "1-0"]
[WhiteTitle "GM"]
[WhiteElo "2498"]
[BlackElo "2353"]
[WhiteFideId "10200444"]
[BlackFideId "5037077"]
[EventDate "2015.06.02"]

1. d4 Nf6 2. Nf3 c5 3. d5 e6 4. c4 b5 5. e4 Nxe4 6. Bd3 Nf6 7. O-O exd5 8. cxd5
Be7 9. Bxb5 Qb6 10. Re1 O-O 11. Rxe7 Qxb5 12. Nc3 Qb6 13. Bg5 Ne8 14. Qc2 Na6
15. Rae1 Nec7 16. Ne5 Nb4 17. Qe4 Qd6 18. Nxf7 Qg6 19. Qxg6 hxg6 20. Nd6 Ncxd5
21. Nxd5 Nxd5 22. R7e5 Nb4 23. Be7 Rf4 24. Bg5 Rf8 25. R1e3 Nc6 26. Rxc5 Rb8 27.
b3 Ba6 28. h3 Rb4 29. Re4 Rd4 30. Rxd4 Nxd4 31. Be3 Nc6 32. Rc3 Rf6 33. Bc5 Re6
34. b4 Nd4 35. Ra3 Ne2+ 36. Kh2 Rxd6 37. Bxd6 Bc4 38. Rxa7 1-0

[Event "8th Mayors Cup Open 2015"]
[Site "Mumbai IND"]
[Date "2015.06.08"]
[Round "9.10"]
[White "Praneeth, Surya K."]
[Black "Mohammad, Nubairshah Shaikh"]
[Result "1/2-1/2"]
[WhiteTitle "FM"]
[WhiteElo "2305"]
[BlackElo "2428"]
[WhiteFideId "5091411"]
[BlackFideId "5053196"]
[EventDate "2015.06.02"]

1. e4 c5 2. Nf3 e6 3. d4 cxd4 4. Nxd4 a6 5. Bd3 Nf6 6. O-O Qc7 7. Qe2 d6 8. c4
g6 9. Nc3 Bg7 10. Nf3 Nc6 11. Bf4 Nd7 12. Rac1 O-O 13. Qe3 Nde5 14. Rfd1 Bd7 15.
Be2 Rfe8 16. Qd2 Nxf3+ 17. Bxf3 Nd4 18. Be2 Rac8 19. Bf1 Bc6 20. b4 Qb8 21. Be3
e5 22. b5 axb5 23. cxb5 Bd7 24. Qb2 Be6 25. Ne2 Rxc1 26. Rxc1 Nxe2+ 27. Bxe2 Rc8
28. a4 d5 29. exd5 Bxd5 30. Rd1 Be4 31. Bb6 Bc2 32. Ra1 Qd6 33. Be3 e4 34. Qa3
Qxa3 35. Rxa3 Bf8 36. Ra1 Bg7 37. Ra3 Bf8 38. Ra1 Bg7 1/2-1/2

[Event "8th Mayors Cup Open 2015"]
[Site "Mumbai IND"]
[Date "2015.06.08"]
[Round "9.11"]
[White "Prasanna, Raghuram Rao"]
[Black "Puranik, Abhimanyu"]
[Result "1/2-1/2"]
[WhiteTitle "IM"]
[BlackTitle "CM"]
[WhiteElo "2424"]
[BlackElo "2307"]
[WhiteFideId "5022401"]
[BlackFideId "5061245"]
[EventDate "2015.06.02"]

1. d4 Nf6 2. c4 g6 3. Nc3 d5 4. Qa4+ Bd7 5. Qb3 dxc4 6. Qxc4 Bg7 7. e4 O-O 8. e5
Be6 9. Qb5 Nd5 10. Qxb7 Nxc3 11. bxc3 Bd5 12. Qb5 c6 13. Qd3 c5 14. Be3 Nc6 15.
Qd2 Qa5 16. Ne2 Bc4 17. f4 Rab8 18. Ng3 Bxf1 19. Rxf1 Rfd8 20. Rf2 cxd4 21. cxd4
Qb5 22. Rd1 f5 23. Qe2 Qb4+ 24. Qd2 Qb5 25. Qe2 Qb4+ 26. Qd2 e6 27. Ne2 Bf8 28.
Qxb4 Nxb4 29. Nc1 Nd5 30. Bd2 Rdc8 31. Nb3 Rc2 32. Ba5 Rc4 33. Bd2 Ra4 34. Nc5
Bxc5 35. dxc5 Rxa2 36. Rc1 Ra3 37. Ke2 Kf7 38. Rf3 Ra2 39. Ke1 Rbb2 40. Rd3 Rc2
41. Rxc2 Rxc2 42. Ra3 Rxc5 43. Rxa7+ Rc7 44. Rxc7+ Nxc7 45. Ke2 Ke7 46. Kd3 Kd7
47. Kc4 Kc6 48. g3 Nd5 49. Be1 Nb6+ 50. Kd4 Kb5 51. Bd2 Nd5 52. Be1 h5 53. h4
Ne7 54. Bf2 Nc6+ 55. Kc3 Nb4 56. Be1 Nd5+ 57. Kd4 Ne7 58. Bf2 Ng8 59. Kc3 Nh6
60. Ba7 Ng4 61. Bg1 Nh6 1/2-1/2

[Event "8th Mayors Cup Open 2015"]
[Site "Mumbai IND"]
[Date "2015.06.08"]
[Round "9.12"]
[White "Hemant, Sharma2"]
[Black "Aleksandrov, Aleksej"]
[Result "0-1"]
[BlackTitle "GM"]
[WhiteElo "2266"]
[BlackElo "2607"]
[WhiteFideId "5025842"]
[BlackFideId "13500139"]
[EventDate "2015.06.02"]

1. e4 e5 2. Nf3 Nc6 3. Nc3 Nf6 4. Bb5 Bd6 5. d3 h6 6. O-O O-O 7. a3 Re8 8. Ne2
a6 9. Bc4 Bf8 10. Ng3 g6 11. Ba2 d5 12. h3 Be6 13. Be3 Bg7 14. Qc1 Kh7 15. Rd1
Qe7 16. c4 d4 17. Bd2 a5 18. b3 Nd7 19. Bb1 f5 20. Bc2 f4 21. Nf1 g5 22. N3h2 h5
23. g4 fxg3 24. Nxg3 Bxh3 25. Nxh5 Rg8 26. Kh1 Raf8 27. Rg1 Rxf2 28. Rg3 g4 29.
Be1 Bh6 30. Qd1 Rxh2+ 31. Kxh2 Qh4 0-1

[Event "8th Mayors Cup Open 2015"]
[Site "Mumbai IND"]
[Date "2015.06.08"]
[Round "9.13"]
[White "Rahman, Ziaur"]
[Black "Shivananda, B.S."]
[Result "1-0"]
[WhiteTitle "GM"]
[BlackTitle "IM"]
[WhiteElo "2500"]
[BlackElo "2298"]
[WhiteFideId "10200037"]
[BlackFideId "5007038"]
[EventDate "2015.06.02"]

1. d4 Nf6 2. Bg5 c5 3. Nc3 e6 4. d5 d6 5. e4 a6 6. Nf3 Be7 7. Be2 O-O 8. O-O h6
9. Be3 exd5 10. Nxd5 Nxe4 11. Re1 Nc6 12. Bf4 Be6 13. Bc4 Bxd5 14. Bxd5 Ng5 15.
Nxg5 hxg5 16. Bg3 Rb8 17. c3 Ne5 18. Qh5 Bf6 19. Bxe5 Bxe5 20. h4 gxh4 21. Re4
g5 22. Rg4 Bf4 23. Qg6+ Kh8 24. Qh6+ Kg8 25. Be4 f5 26. Bd5+ Rf7 27. Qg6+ Kh8
28. Bxf7 1-0

[Event "8th Mayors Cup Open 2015"]
[Site "Mumbai IND"]
[Date "2015.06.08"]
[Round "9.14"]
[White "Sahoo, Utkal Ranjan"]
[Black "Deepan, Chakkravarthy J."]
[Result "0-1"]
[BlackTitle "GM"]
[WhiteElo "2271"]
[BlackElo "2497"]
[WhiteFideId "5034566"]
[BlackFideId "5011132"]
[EventDate "2015.06.02"]

1. d4 Nf6 2. c4 g6 3. Nc3 Bg7 4. e4 d6 5. Bd3 O-O 6. Nge2 e5 7. d5 Na6 8. O-O
Nc5 9. Bc2 a5 10. Ng3 c6 11. a3 cxd5 12. cxd5 Bd7 13. Be3 Rc8 14. f3 h5 15. Qd2
h4 16. Nge2 Nh5 17. Kh1 Kh7 18. Rab1 a4 19. g4 hxg3 20. hxg3 f5 21. exf5 Bxf5
22. Bxf5 gxf5 23. Rf2 Rh8 24. Rh2 Kg6 25. Rg1 Nf6 26. Rg2 Qd7 27. Qc2 Kf7 28.
Rxh8 Rxh8+ 29. Rh2 Rxh2+ 30. Kxh2 e4 31. Bxc5 exf3 32. Bd4 Ng4+ 33. Kh1 Qc8 34.
Bxg7 Kxg7 35. Nf4 Qh8+ 36. Kg1 f2+ 37. Qxf2 Nxf2 38. Kxf2 Qh2+ 39. Ng2 Qh1 0-1

[Event "8th Mayors Cup Open 2015"]
[Site "Mumbai IND"]
[Date "2015.06.08"]
[Round "9.15"]
[White "Sivuk, Vitaly"]
[Black "Praveen, Kumar C"]
[Result "1-0"]
[WhiteTitle "GM"]
[BlackTitle "IM"]
[WhiteElo "2491"]
[BlackElo "2235"]
[WhiteFideId "14116502"]
[BlackFideId "5007372"]
[EventDate "2015.06.02"]

1. Nf3 e6 2. c4 Nf6 3. Nc3 c5 4. d4 cxd4 5. Nxd4 a6 6. e4 Qc7 7. Be2 b6 8. O-O
Bb7 9. Qd3 d6 10. f4 Nbd7 11. b4 Rc8 12. Bb2 Be7 13. Rac1 O-O 14. g4 Ne8 15. g5
g6 16. Qh3 Ng7 17. Qh6 e5 18. Nd5 Qd8 19. Rc3 Re8 20. Rh3 Nf8 21. Nf5 gxf5 22.
Nf6+ Bxf6 23. gxf6 Nge6 24. exf5 Rc7 25. fxe5 Be4 26. Rf4 d5 27. Rg4+ Kh8 28.
fxe6 fxe6 29. Rg7 Bg6 30. Qxg6 1-0

[Event "8th Mayors Cup Open 2015"]
[Site "Mumbai IND"]
[Date "2015.06.08"]
[Round "9.16"]
[White "Karthikeyan, P."]
[Black "Deshpande, Aniruddha"]
[Result "1-0"]
[WhiteTitle "IM"]
[WhiteElo "2440"]
[BlackElo "2252"]
[WhiteFideId "5018226"]
[BlackFideId "5021774"]
[EventDate "2015.06.02"]

1. e4 d5 2. exd5 Qxd5 3. Nc3 Qd6 4. d4 Nf6 5. Bc4 c6 6. Nge2 Bf5 7. Bf4 Qd8 8.
d5 cxd5 9. Nxd5 Nxd5 10. Qxd5 Qxd5 11. Bxd5 Nc6 12. O-O-O g6 13. Nd4 Nxd4 14.
Rxd4 Bg7 15. Ra4 O-O 16. Bxb7 Rad8 17. c3 e5 18. Be3 Rd7 19. Rxa7 Rb8 20. Bc6
Rd6 21. Ra8 Rxa8 22. Bxa8 Be6 23. Rd1 Rxd1+ 24. Kxd1 Bxa2 25. b4 Bf8 26. Kc2 f5
27. f3 Bc4 28. Bc6 Kf7 29. Bb6 Bd6 30. Kd2 Ke6 31. Ke3 Bf1 32. g4 Bc4 33. Ba4
Be7 34. Kd2 Bg5+ 35. Be3 Be7 36. Bc2 Bd5 37. Bd1 Ba2 38. Be2 Kd5 39. Ba6 f4 40.
Bf2 Bc4 41. Bb7+ Ke6 42. Be4 Bd6 43. Kc2 Bb8 44. Kb2 Bd5 45. Ka3 Bc4 46. Ka4 Be2
47. b5 Kd7 48. Kb4 1-0

[Event "8th Mayors Cup Open 2015"]
[Site "Mumbai IND"]
[Date "2015.06.08"]
[Round "9.17"]
[White "Swayams, Mishra"]
[Black "Abhilash, Reddy M.L."]
[Result "1-0"]
[WhiteTitle "IM"]
[WhiteElo "2439"]
[BlackElo "2225"]
[WhiteFideId "5028183"]
[BlackFideId "5024668"]
[EventDate "2015.06.02"]

1. d4 d5 2. c4 c6 3. Nf3 Nf6 4. Nc3 e6 5. Bg5 h6 6. Bxf6 Qxf6 7. e3 g6 8. Bd3
Bg7 9. e4 dxc4 10. Bxc4 Nd7 11. e5 Qe7 12. O-O O-O 13. Qe2 Nb6 14. Bb3 c5 15.
dxc5 Nd7 16. Na4 Nxc5 17. Nxc5 Qxc5 18. Rac1 Qa5 19. Rfd1 Rb8 20. Qe4 a6 21. h4
Rd8 22. Qa4 Rxd1+ 23. Rxd1 Qxa4 24. Rd8+ Bf8 25. Bxa4 b5 26. Bc2 Kg7 27. h5 gxh5
28. Nd2 Be7 29. Re8 Bg5 30. Ne4 Ra8 31. f4 1-0

[Event "8th Mayors Cup Open 2015"]
[Site "Mumbai IND"]
[Date "2015.06.08"]
[Round "9.18"]
[White "Siva, Mahadevan"]
[Black "Ravi, Teja S."]
[Result "0-1"]
[BlackTitle "IM"]
[WhiteElo "2125"]
[BlackElo "2403"]
[WhiteFideId "25043153"]
[BlackFideId "5017220"]
[EventDate "2015.06.02"]

1. e4 c6 2. d4 d5 3. e5 Bf5 4. Nf3 e6 5. Be2 c5 6. Be3 cxd4 7. Nxd4 Ne7 8. Nd2
Nbc6 9. N2f3 Be4 10. O-O Ng6 11. Bb5 Bxf3 12. Nxf3 Be7 13. c4 O-O 14. cxd5 Qxd5
15. Qxd5 exd5 16. Rfd1 Ngxe5 17. Nxe5 Nxe5 18. Rxd5 Bf6 19. Rad1 a6 20. Bd4 Ng4
21. Be2 Rfd8 22. Rxd8+ Rxd8 23. Bxf6 Rxd1+ 24. Bxd1 Nxf6 25. Bf3 b6 26. Kf1 Kf8
27. Ke2 Ke7 28. Ke3 Kd6 29. Kd4 Nd7 30. h3 Ne5 31. Bd5 f6 32. f4 Nd3 33. Kxd3
Kxd5 34. a4 f5 35. b3 Kc5 36. Kc3 a5 37. Kd3 Kb4 38. Kc2 b5 39. axb5 Kxb5 40.
Kc3 Kc5 41. Kd3 Kb4 42. Kc2 g6 43. h4 Ka3 44. Kc3 Ka2 45. Kc2 h6 46. g3 h5 47.
Kc3 Kb1 48. Kc4 Kc2 49. b4 axb4 50. Kxb4 Kd3 0-1

[Event "8th Mayors Cup Open 2015"]
[Site "Mumbai IND"]
[Date "2015.06.08"]
[Round "9.19"]
[White "Vignesh, NR"]
[Black "Raja, Harshit"]
[Result "1-0"]
[WhiteElo "2399"]
[BlackElo "2154"]
[WhiteFideId "25012215"]
[BlackFideId "5089000"]
[EventDate "2015.06.02"]

1. e4 c5 2. Nf3 d6 3. d4 cxd4 4. Nxd4 Nf6 5. Nc3 g6 6. Be2 Bg7 7. O-O O-O 8. Re1
Nc6 9. Nb3 Be6 10. Bf1 d5 11. exd5 Nxd5 12. Ne4 Ndb4 13. c3 Qxd1 14. Rxd1 Nxa2
15. Nbc5 Nxc1 16. Nxe6 fxe6 17. Raxc1 Bh6 18. Ra1 b6 19. Bb5 Ne5 20. Ra6 Rad8
21. Rda1 Rf4 22. f3 Rxe4 23. fxe4 Rd2 24. h3 Be3+ 25. Kh1 Rxb2 26. Bf1 Rc2 27.
Rxa7 Bc5 28. Ba6 Rxc3 29. Bc8 Re3 30. Bxe6+ Kg7 31. Bd5 Nd3 32. R7a2 b5 33. Rf1
b4 34. Ra8 Nf2+ 35. Kh2 Bd6+ 36. Kg1 Nxe4 37. Rf7+ Kh6 38. Bxe4 Re1+ 39. Kf2
Rxe4 40. Rh8 Rf4+ 41. Rxf4 Bxf4 42. Rf8 Bd6 43. Rf3 Kg5 44. g3 h5 45. Ke2 h4 46.
g4 e5 47. Kd3 Bc5 48. Kc4 e4 49. Rf7 Bb6 50. Kxb4 e3 51. Kc3 Ba5+ 52. Kd3 Bd2
53. Ke2 Kh6 54. Rf6 Kg5 55. Rc6 Kf4 56. Rxg6 Kg3 57. Re6 Kxh3 58. Kf3 Kh2 59. g5
Kg1 60. g6 Bc3 61. Rxe3 Bf6 62. Kg4 Kg2 63. Rh3 1-0